| 000 | 00550nam a22001937a 4500 | ||
|---|---|---|---|
| 003 | OSt | ||
| 005 | 20240812131823.0 | ||
| 008 | 240812b |||||||| |||| 00| 0 eng d | ||
| 020 | _a9788131220047 | ||
| 040 |
_aMMU _beng _cMMU _dMMU |
||
| 050 | _aSF757.8 .T48 2007 | ||
| 100 |
_aThrall ,Donald E _91193 |
||
| 245 |
_aTextbook of veterinary diagnostic radiology ; _cDonald E. Thrall |
||
| 250 | _aFith edition. | ||
| 260 |
_aIndia : _bElsevier , _c2007. |
||
| 504 | _aIncludes index | ||
| 650 |
_aVeterinary diagnostic _91194 |
||
| 942 |
_2lcc _cLOAN LOAN |
||
| 999 |
_c32868 _d32865 |
||